000 00487nam a2200169 4500
001 126929
003 ES-MaACL
005 20250916063051.0
007 t|
008 070214s1941 sp r ||||1| spa d
100 1 _aRiber, Llorenç,
_d1881-1958
_996765
245 1 0 _aMarco Valerio Marcial /
_cLlorenç Riber.
260 _aMadrid :
_b[s. n.],
_c1941 (
_fTall. Espasa-Calpe)
300 _a238 p. ;
_c23 cm.
852 _aES-MaACL
_jF-15334
_bR.19049
999 _c126929
_d126929